000 01178nam a22003257a 4500
003 CHAP
005 20220329141715.0
008 971013s1964 r 00010 d
010 _a72584
011 _a73556
035 _a83114
040 _cCHAP
082 _a595.703
_bC35 1964
110 _aCanada. Ministere de l Agriculture et de la Colonisation du Quebec
_918207
245 _aNoms francais des insectes de Canada, et noms latins et anglais correspondants
250 _a3 ed.
260 _aQuébec :
_b(s.e.),
_c1964
300 _a102 p.
490 _aMinistáere de l'Agriculture et de la Colonisation de Québec.Publication
_v; 295
590 _aBATCH-UPD
_b10
_c20130110
_lUCH01
_h0807
590 _aBATCH-UPD
_b10
_c20130410
_lUCH01
_h0445
590 _aBATCH-UPD
_b10
_c20130914
_lUCH01
_h1315
590 _aCONVERSION
_b10
_c20130109
_lUCH01
_h1340
650 1 4 _aEntomología
_xDiccionarios.
_937124
790 _aFrench names of insects of Canada
830 0 _aMinistáere de l'Agriculture et de la Colonisation de Québec.Publication
_v; 295
_975986
901 _aBK
942 _cLIBRO
949 _a595.703 C35 1964
_bBC
_cC
_d33724000497491
_eC
_h27277
_i83114
_si
999 _c72584
_d72584